00424nam a2200169Ia 4500008004100000020001800041050001400059100001900073245002500092245004100117260001300158260001300171260000900184300001500193300002500208440002100233180207s9999 xx 000 0 und d a9780007465422 bM153 2013 aMcKay, Hilary. aGreat expectations / cHilary McKay and Stefano Tambellini. aLondon : bCollins, c2013 a47 pages : bcolor illustration ; aCollins big cat.